Latin American quarterly outlook (Record no. 114515)
[ view plain ]
| 000 -LEADER | |
|---|---|
| fixed length control field | 01092cad a22002175a 4500 |
| 001 - CONTROL NUMBER | |
| control field | L156960 |
| 008 - FIXED-LENGTH DATA ELEMENTS--GENERAL INFORMATION | |
| fixed length control field | 120731s2012 xxub f s 000 0 eng d |
| 035 ## - SYSTEM CONTROL NUMBER | |
| System control number | (Sirsi) u156960 |
| 041 0# - LANGUAGE CODE | |
| Language code of text/sound track or separate title | eng |
| 110 2# - MAIN ENTRY--CORPORATE NAME | |
| Corporate name or jurisdiction name as entry element | Pramerica Real Estate Investors |
| 9 (RLIN) | 5594 |
| 245 00 - TITLE STATEMENT | |
| Title | Latin American quarterly outlook |
| Remainder of title | July 2012 |
| Medium | [electronic resource] |
| 260 ## - PUBLICATION, DISTRIBUTION, ETC. | |
| Place of publication, distribution, etc. | Parsipanny, NJ |
| Name of publisher, distributor, etc. | Pramerica Real Estate Investors |
| Date of publication, distribution, etc. | 2012 |
| 490 #0 - SERIES STATEMENT | |
| Series statement | PREI Latin American Quarterly Outlook |
| Volume/sequential designation | July 2012 |
| 520 ## - SUMMARY, ETC. | |
| Summary, etc. | Covers macroeconomic themes, implications and outlook for commercial real estate, regional economic trends, and real estate performance. Provides insights into the regional residential, retail, office and industrial property markets. Summarises current attractive risk-adjusted investment opportunities in Latin America. |
| 590 ## - LOCAL NOTE (RLIN) | |
| Local note | NTK KA |
| 650 24 - SUBJECT ADDED ENTRY--TOPICAL TERM | |
| Topical term or geographic name entry element | PREI LATIN AMERICAN QUARTERLY OUTLOOK |
| 651 #4 - SUBJECT ADDED ENTRY--GEOGRAPHIC NAME | |
| Geographic name | Latin America |
| 690 ## - LOCAL SUBJECT ADDED ENTRY--TOPICAL TERM (OCLC, RLIN) | |
| Topical term or geographic name as entry element | Commercial property |
| 9 (RLIN) | 6227 |
| 856 40 - ELECTRONIC LOCATION AND ACCESS | |
| Uniform Resource Identifier | <a href="https://www.pramericarei.com/pramerica/pdf/realestate/Pra_LatAmQ_Jul_12.pdf">https://www.pramericarei.com/pramerica/pdf/realestate/Pra_LatAmQ_Jul_12.pdf</a> |
| Public note | View the report at www.pramericarei.com |
| 942 ## - ADDED ENTRY ELEMENTS (KOHA) | |
| Suppress in OPAC | 0 |
| Withdrawn status | Lost status | Source of classification or shelving scheme | Damaged status | Not for loan | Home library | Current library | Shelving location | Date acquired | Total Checkouts | Full call number | Barcode | Date last seen | Copy number | Price effective from | Koha item type |
|---|---|---|---|---|---|---|---|---|---|---|---|---|---|---|---|
| Dewey Decimal Classification | Virtual | Virtual | Online | 31/07/2012 | ONLINE PUBLICATION | 156960-2001 | 06/08/2019 | 1 | 06/08/2019 | Book |